Statistieken voor 100 grootste Nederlandse steden

Klik hier om de quiz te nemen!

Algemene statistieken

  • Deze quiz is 294 keer genomen
  • De gemiddelde score is 52 van 100

Antwoordstatistieken

HintAntwoord% Correct
882.633Amsterdam
100%
592.057Rotterdam
100%
310.817Utrecht
99%
553.417Den Haag
98%
238.326Eindhoven
96%
202.900Groningen
96%
121.151Maastricht
93%
94.650Leeuwarden
89%
150.448Breda
88%
201.195Tilburg
88%
81.214Lelystad
86%
217.828Almere
84%
163.888Arnhem
84%
162.281Haarlem
84%
42.460Middelburg
84%
130.668Zwolle
83%
166.755Nijmegen
82%
68.250Assen
81%
111.652Den Bosch
81%
160.640Enschede
81%
91.936Alkmaar
80%
125.074Leiden
78%
68.674Venlo
78%
119.537Dordrecht
73%
51.119Heerenveen
73%
69.605Almelo
72%
139.809Apeldoorn
72%
143.394Amersfoort
71%
34.000Vlissingen
70%
57.935Emmen
68%
40.888Den Helder
67%
74.095Gouda
67%
91.733Hilversum
67%
81.476Hengelo
66%
104.572Delft
65%
81.818Deventer
65%
37.121Sittard
64%
68.040Heerlen
63%
58.920Oss
63%
67.000Roosendaal
63%
78.010Ede
60%
93.476Helmond
60%
42.342Roermond
60%
34.163Sneek
54%
53.475Bergen op Zoom
53%
125.767Zoetermeer
53%
92.331Amstelveen
50%
45.910Doetinchem
50%
52.136Hoorn
50%
81.515Purmerend
49%
45.519Harderwijk
48%
79.057Zaandam
48%
34.427Waalwijk
47%
39.939Wageningen
47%
39.518Kerkrade
45%
54.550Zeist
44%
39.919Zutphen
43%
45.198Drachten
42%
37.735Gorinchem
42%
37.890Kampen
42%
38.491Woerden
42%
79.644Schiedam
41%
45.130Weert
41%
40.172Hoogeveen
39%
64.554Nieuwegein
39%
40.170Tiel
37%
78.590Hoofddorp
35%
72.530Spijkenisse
35%
48.714Barendrecht
34%
42.935Katwijk
34%
74.143Vlaardingen
34%
59.045Heerhugowaard
32%
46.790Houten
32%
50.855Oosterhout
32%
67.671Veenendaal
32%
74.070Alphen aan den Rijn
31%
35.341Barneveld
29%
44.152Etten-Leur
29%
39.765Soest
29%
39.915Beverwijk'
27%
40.938Huizen
27%
47.099Ridderkerk
27%
56.941Rijswijk
27%
36.963Uden
26%
33.730Bussum
25%
34.148Maassluis
25%
39.340Hellevoetsluis
24%
40.985Zwijndrecht
23%
67.188Capelle a/d IJssel
22%
36.705Wijchen
22%
34.429IJsselstein
21%
39.189Heemskerk
16%
34.333Leidschendam
16%
33.345Veghel
15%
42.307Voorburg
15%
39.055Maarssen
14%
45.822Veldhoven
14%
37.023Landgraaf
11%
35.575Hoogvliet
9%
37.658Rosmalen
9%

Scoreverdeling

Percentiel versus Aantal Correcte Antwoorden

Procent van Mensen met Elke Score

Uw Scoregeschiedenis

U heeft deze quiz nog niet genomen